[Event "Brno op 12th"]
[Site "Brno"]
[Date "2023.11.13"]
[Round "3"]
[White "Meszaros, Ludek"]
[Black "Svobodova, Michaela"]
[Result "0-1"]
[WhiteElo "2083"]
[BlackElo "1957"]
[PlyCount "124"]
[EventDate "2023.11.11"]
[EventType "swiss"]
[EventRounds "9"]
[EventCountry "CZE"]
[SourceTitle "CBM 217 Extra"]
[Source "ChessBase"]
[SourceDate "2024.01.31"]
[SourceVersion "1"]
[SourceVersionDate "2024.01.31"]
[SourceQuality "1"]

1. e4 e5 2. Nf3 Nf6 3. d4 Nxe4 4. dxe5 d5 5. Nbd2 Nc5 6. Nb3 Ne6 7. c4 dxc4 8. Qxd8+ Nxd8 9. Bxc4 Be6 10. Bb5+ c6 11. Be2 Bxb3 12. axb3 Bb4+ 13. Bd2 Bxd2+ 14. Nxd2 Nd7 15. f4 Ne6 16. 0-0 a6 17. Bg4 0-0 18. Nc4 Ndc5 19. f5 Nc7 20. Na5 Nd5 21. Rf3 Rfe8 22. Re1 Re7 23. Rc1 Nd7 24. f6 gxf6 25. Bxd7 Rxd7 26. exf6 Re8 27. Nc4 Re6 28. Rcf1 b5 29. Na5 Ne3 30. Re1 Rd1 31. Rxd1 Nxd1 32. g4 Ne3 33. g5 Nd5 34. Kf2 h6 35. h4 hxg5 36. hxg5 Kh7 37. Rd3 Kg6 38. Nxc6 Rxc6 39. Rxd5 Rc2+ 40. Kg1 Rxb2 41. Rd6 a5 42. Ra6 Rxb3 43. Rxa5 Kxg5 44. Ra6 Rb2 45. Rb6 b4 46. Kf1 b3 47. Ke1 Kf5 48. Kd1 Ke5 49. Kc1 Rc2+ 50. Kb1 Rc3 51. Kb2 Rf3 52. Ra6 Rxf6 53. Ra5+ Kf4 54. Kxb3 Rc6 55. Ra1 f5 56. Rf1+ Kg5 57. Rg1+ Kf6 58. Rf1 Rc8 59. Kb4 Ke5 60. Re1+ Kd4 61. Rd1+ Ke3 62. Re1+ Kf2 0-1

[Event "CZE-chT2A 2223"]
[Site "Czech Republic"]
[Date "2023.01.22"]
[Round "7.7"]
[White "Meszaros, Ludek"]
[Black "Reichel, Tomas"]
[Result "1-0"]
[WhiteElo "2041"]
[BlackElo "1903"]
[PlyCount "77"]
[EventDate "2022.10.16"]
[EventType "team-tourn"]
[EventRounds "11"]
[EventCountry "CZE"]
[SourceTitle "EXT 2024"]
[Source "ChessBase"]
[SourceDate "2023.10.10"]
[SourceVersion "1"]
[SourceVersionDate "2023.10.10"]
[SourceQuality "1"]
[WhiteTeam "Tabor"]
[BlackTeam "Unichess"]
[WhiteTeamCountry "CZE"]
[BlackTeamCountry "CZE"]

1. e4 e5 2. Nf3 Nc6 3. Bb5 a6 4. Ba4 Nf6 5. 0-0 b5 6. Bb3 Be7 7. Re1 0-0 8. a4 b4 9. d4 d6 10. a5 Bg4 11. d5 Nd4 12. Nbd2 c5 13. Bc4 Qd7 14. c3 bxc3 15. bxc3 Nb5 16. Re3 Bh5 17. h3 Kh8 18. Bf1 Rg8 19. Nc4 Bd8 20. g4 Bg6 21. Qe1 h6 22. Bg2 Rb8 23. Nfxe5 dxe5 24. Nxe5 Qc7 25. Nxg6+ fxg6 26. e5 Ne8 27. d6 Nexd6 28. exd6 Nxd6 29. Re6 Rf8 30. Bxh6 Rb2 31. Bd2 Bh4 32. Re2 Nc4 33. Re8 Bxf2+ 34. Qxf2 Rxe8 35. Qh4+ Kg8 36. Bd5+ Re6 37. Bxe6+ Kf8 38. Qh8+ Ke7 39. Qxg7+ 1-0

[Event "Pardubice rapid op 33rd"]
[Site "Pardubice"]
[Date "2022.07.20"]
[Round "2"]
[White "Hintze, Lobosch"]
[Black "Meszaros, Ludek"]
[Result "0-1"]
[WhiteElo "1560"]
[BlackElo "2049"]
[PlyCount "128"]
[EventDate "2022.07.20"]
[EventType "swiss (rapid)"]
[EventRounds "9"]
[EventCountry "CZE"]
[SourceTitle "CBM 209 Extra"]
[Source "ChessBase"]
[SourceDate "2022.09.30"]
[SourceVersion "1"]
[SourceVersionDate "2022.09.30"]
[SourceQuality "1"]

1. e4 e5 2. Nf3 Nc6 3. Bb5 a6 4. Bxc6 dxc6 5. 0-0 f6 6. c3 Bg4 7. d3 Qd6 8. Be3 0-0-0 9. d4 c5 10. d5 f5 11. Nbd2 f4 12. Nc4 Qf6 13. Bd2 Bd6 14. Na5 Qg6 15. Nh4 Qh5 16. f3 Qxh4 17. fxg4 Nf6 18. h3 h5 19. gxh5 Rxh5 20. Qf3 Rg5 21. Be1 Qh7 22. Bf2 Qxe4 23. Qxe4 Nxe4 24. Bh4 Re8 25. Bxg5 Nxg5 26. Rae1 Kd7 27. Nxb7 Nh7 28. Na5 Nf6 29. Nc4 Nxd5 30. Rd1 Nf6 31. Rfe1 e4 32. Kf2 g5 33. a3 g4 34. hxg4 Nxg4+ 35. Kf1 Rh8 36. Rxe4 Rh1+ 37. Ke2 Rxd1 38. Nxd6 Rxd6 39. Rxf4 Ne5 40. Rh4 Rg6 41. Kf1 Nd3 42. b4 Re6 43. Kg1 Re1+ 44. Kh2 Ra1 45. bxc5 Nxc5 46. Rh7+ Kc6 47. Rh6+ Kb7 48. Rh5 Ne4 49. g4 Rxa3 50. Re5 Nxc3 51. g5 Ra2+ 52. Kh3 Ne2 53. Re4 Ra3+ 54. Kh4 Nc3 55. Rc4 Nd5 56. g6 Ra1 57. Rg4 Rh1+ 58. Kg5 Rh8 59. Rd4 Kc6 60. Ra4 Kb6 61. Rd4 Ne7 62. g7 Rg8 63. Kf6 Rxg7 64. Kxg7 Nf5+ 0-1

[Event "CZE-chT2A 2122"]
[Site "Czech Republic"]
[Date "2022.01.16"]
[Round "6.7"]
[White "Cmiko, Jakub"]
[Black "Meszaros, Ludek"]
[Result "0-1"]
[WhiteElo "2028"]
[BlackElo "2019"]
[PlyCount "58"]
[EventDate "2021.10.17"]
[EventType "team-tourn"]
[EventRounds "11"]
[EventCountry "CZE"]
[SourceTitle "EXT 2025"]
[Source "ChessBase"]
[SourceDate "2024.10.14"]
[SourceVersion "1"]
[SourceVersionDate "2024.10.14"]
[SourceQuality "1"]
[WhiteTeam "Praha Oaza II"]
[BlackTeam "Tabor"]
[WhiteTeamCountry "CZE"]
[BlackTeamCountry "CZE"]

1. e4 e5 2. Nf3 Nc6 3. Bb5 a6 4. Ba4 Nf6 5. 0-0 Be7 6. d3 d6 7. c3 0-0 8. Nbd2 Re8 9. Re1 Bf8 10. Nf1 b5 11. Bc2 h6 12. Ng3 g6 13. h3 Bg7 14. a4 b4 15. a5 Rb8 16. d4 bxc3 17. bxc3 exd4 18. cxd4 Nb4 19. Ba4 Bd7 20. Bf4 Bxa4 21. Rxa4 Qd7 22. Ra3 Qc6 23. d5 Qc2 24. Qd2 Qxd2 25. Bxd2 Nc2 26. Rae3 Nxe3 27. Rxe3 Rb1+ 28. Kh2 Nd7 29. Bc3 Rb3 0-1

[Event "Brno Trade op"]
[Site "Brno"]
[Date "2021.08.29"]
[Round "1"]
[White "Krystl, Jaromir"]
[Black "Meszaros, Ludek"]
[Result "1-0"]
[WhiteElo "1514"]
[BlackElo "2027"]
[PlyCount "69"]
[EventDate "2021.08.29"]
[EventType "swiss"]
[EventRounds "9"]
[EventCountry "CZE"]
[SourceTitle "CBM 204 Extra"]
[Source "ChessBase"]
[SourceDate "2021.11.30"]
[SourceVersion "1"]
[SourceVersionDate "2021.11.30"]
[SourceQuality "1"]

1. e4 c5 2. Nf3 d6 3. d4 cxd4 4. Nxd4 Nf6 5. Nc3 g6 6. f4 Nbd7 7. Be2 Bg7 8. g4 0-0 9. g5 Ne8 10. Be3 Nc7 11. f5 Ne5 12. Qd2 b5 13. f6 exf6 14. Ncxb5 Bb7 15. 0-0 fxg5 16. Bxg5 f6 17. Bf4 Bxe4 18. Qe3 Bd5 19. b3 Re8 20. Qf2 f5 21. Rad1 Nf7 22. Nxc7 Qxc7 23. Bb5 Re4 24. Nxf5 Bb7 25. Nxg7 Kxg7 26. Rd4 Qe7 27. Bd3 Ng5 28. Qg3 Rxd4 29. Bxg5 Qd7 30. Bf6+ Kg8 31. Bxd4 Qe6 32. Bc4 d5 33. Re1 Qd7 34. Bd3 Qf7 35. Qe5 1-0

[Event "CZE-chT2A 1920"]
[Site "Czech Republic"]
[Date "2020.01.26"]
[Round "7.5"]
[White "Havlik, Jindrich"]
[Black "Meszaros, Ludek"]
[Result "1/2-1/2"]
[WhiteElo "2090"]
[BlackElo "2091"]
[PlyCount "134"]
[EventDate "2019.10.13"]
[EventType "team-tourn"]
[EventRounds "11"]
[EventCountry "CZE"]
[SourceTitle "EXT 2024"]
[Source "ChessBase"]
[SourceDate "2023.10.10"]
[SourceVersion "1"]
[SourceVersionDate "2023.10.10"]
[SourceQuality "1"]
[WhiteTeam "Klatovy"]
[BlackTeam "Tabor"]
[WhiteTeamCountry "CZE"]
[BlackTeamCountry "CZE"]

1. e4 g6 2. d4 Bg7 3. Nc3 d6 4. Be3 Nf6 5. Qd2 c6 6. Bh6 Bxh6 7. Qxh6 Qa5 8. Bd3 Na6 9. Bxa6 bxa6 10. Qd2 Rb8 11. b3 0-0 12. Nge2 c5 13. d5 Bg4 14. f3 Bd7 15. Nb1 Qb6 16. Na3 Bb5 17. c4 Bd7 18. Nc2 a5 19. Nc1 a4 20. 0-0 a5 21. Re1 e6 22. dxe6 Bxe6 23. Rd1 Rfd8 24. Qf4 Nh5 25. Qg5 Rd7 26. g4 Ng7 27. Rd3 Rf8 28. Ne3 Qb4 29. Ne2 axb3 30. axb3 a4 31. Nc2 Qb8 32. Rxa4 Rb7 33. Qe3 f5 34. exf5 gxf5 35. Nf4 Bd7 36. Ra6 fxg4 37. fxg4 Bxg4 38. Nd5 Bf5 39. Rc3 Qd8 40. Ne1 Rbf7 41. Ra1 Ne6 42. Ng2 Nd4 43. Ndf4 Re8 44. Qf2 Kh8 45. Rg3 Be4 46. Rf1 Ref8 47. Qe3 Bxg2 48. Rxg2 Qh4 49. Qg3 Ne2+ 50. Rxe2 Rg8 51. Ng6+ Rxg6 52. Rxf7 Rxg3+ 53. hxg3 Qxg3+ 54. Rg2 Qe1+ 55. Kh2 Qe5+ 56. Kg1 Qe8 57. Ra7 h6 58. Rf2 Qe1+ 59. Kg2 Qe4+ 60. Kf1 Qh1+ 61. Ke2 Kg8 62. Rff7 Qg2+ 63. Ke1 Qg3+ 64. Kd2 Qg5+ 65. Kd1 Qg4+ 66. Kd2 Qg5+ 67. Kd1 Qg4+ 1/2-1/2

[Event "CZE-chT2A 1920"]
[Site "Czech Republic"]
[Date "2019.12.01"]
[Round "4.7"]
[White "Meszaros, Ludek"]
[Black "Cerny, Vaclav"]
[Result "1-0"]
[WhiteElo "2091"]
[BlackElo "1992"]
[PlyCount "63"]
[EventDate "2019.10.13"]
[EventType "team-tourn"]
[EventRounds "11"]
[EventCountry "CZE"]
[SourceTitle "EXT 2024"]
[Source "ChessBase"]
[SourceDate "2023.10.10"]
[SourceVersion "1"]
[SourceVersionDate "2023.10.10"]
[SourceQuality "1"]
[WhiteTeam "Tabor"]
[BlackTeam "Domazlice"]
[WhiteTeamCountry "CZE"]
[BlackTeamCountry "CZE"]

1. e4 g6 2. d4 Bg7 3. c4 d6 4. Nc3 Nc6 5. Be3 Nf6 6. f3 0-0 7. Qd2 e5 8. d5 Nd4 9. Nge2 c5 10. dxc6 bxc6 11. Nxd4 exd4 12. Bxd4 Qa5 13. Be2 Rb8 14. 0-0 Be6 15. Rab1 Rfd8 16. Kh1 c5 17. Be3 Nd7 18. Bg5 Rdc8 19. Rfc1 Ne5 20. b3 Nxc4 21. Bxc4 Bxc4 22. Bh6 Bxc3 23. Rxc3 Be6 24. Qb2 f6 25. Rd3 Qd8 26. Qd2 Rc6 27. Rd1 c4 28. bxc4 Bxc4 29. Rd4 Rbc8 30. Rxc4 Rxc4 31. Qd5+ Kh8 32. Qf7 1-0

[Event "CZE-chT2A 1920"]
[Site "Czech Republic"]
[Date "2019.11.17"]
[Round "3.7"]
[White "Strejc, Josef"]
[Black "Meszaros, Ludek"]
[Result "1/2-1/2"]
[WhiteElo "2088"]
[BlackElo "2091"]
[PlyCount "35"]
[EventDate "2019.10.13"]
[EventType "team-tourn"]
[EventRounds "11"]
[EventCountry "CZE"]
[SourceTitle "EXT 2024"]
[Source "ChessBase"]
[SourceDate "2023.10.10"]
[SourceVersion "1"]
[SourceVersionDate "2023.10.10"]
[SourceQuality "1"]
[WhiteTeam "Pribram Banik"]
[BlackTeam "Tabor"]
[WhiteTeamCountry "CZE"]
[BlackTeamCountry "CZE"]

1. e4 e5 2. d4 exd4 3. Qxd4 Nc6 4. Qe3 Bb4+ 5. Nc3 Nf6 6. Bd2 0-0 7. 0-0-0 Re8 8. Bc4 d6 9. f3 Be6 10. Bxe6 Rxe6 11. Qf2 Ne5 12. Nge2 Bc5 13. Qg3 Nc4 14. Nf4 Re8 15. Rhe1 c6 16. Nd3 Nxd2 17. Nxc5 Nc4 18. Nb3 1/2-1/2

[Event "Brno op 9th"]
[Site "Brno"]
[Date "2019.11.07"]
[Round "5"]
[White "Meszaros, Ludek"]
[Black "Ambros, Zdenek"]
[Result "1-0"]
[WhiteElo "2070"]
[BlackElo "1835"]
[PlyCount "35"]
[EventDate "2019.11.03"]
[EventType "swiss"]
[EventRounds "7"]
[EventCountry "CZE"]
[SourceTitle "CBM 193 Extra"]
[Source "ChessBase"]
[SourceDate "2020.01.31"]
[SourceVersion "1"]
[SourceVersionDate "2020.01.31"]
[SourceQuality "1"]

1. d4 d5 2. Nf3 Nf6 3. c4 e6 4. Nc3 Be7 5. Bg5 0-0 6. e3 Nbd7 7. Rc1 c6 8. Bd3 dxc4 9. Bxc4 Nd5 10. Bxe7 Nxe7 11. 0-0 Ng6 12. Qe2 Re8 13. Rfd1 Nb6 14. Bb3 Nd5 15. Ne4 Bd7 16. Nd6 Rf8 17. Nxb7 Qe7 18. Nc5 1-0

[Event "Brno op 9th"]
[Site "Brno"]
[Date "2019.11.05"]
[Round "3"]
[White "Meszaros, Ludek"]
[Black "Skurikhin, Dmitrij"]
[Result "1/2-1/2"]
[WhiteElo "2070"]
[BlackElo "2295"]
[PlyCount "120"]
[EventDate "2019.11.03"]
[EventType "swiss"]
[EventRounds "7"]
[EventCountry "CZE"]
[SourceTitle "CBM 193 Extra"]
[Source "ChessBase"]
[SourceDate "2020.01.31"]
[SourceVersion "1"]
[SourceVersionDate "2020.01.31"]
[SourceQuality "1"]

1. e4 e6 2. d3 c5 3. g3 d5 4. Nd2 Nf6 5. Bg2 Nc6 6. Ngf3 Be7 7. 0-0 b6 8. Re1 Bb7 9. c3 Qc7 10. Qe2 dxe4 11. Nxe4 Nxe4 12. dxe4 0-0-0 13. Be3 Rd7 14. a3 Rhd8 15. Qc2 Na5 16. Bf4 Bd6 17. e5 Bf8 18. Bg5 Be7 19. Bxe7 Rxe7 20. Qxh7 g6 21. Rad1 Nc4 22. b3 Nxa3 23. Qh6 Red7 24. Rxd7 Qxd7 25. Qc1 Nb5 26. Ng5 Bxg2 27. Kxg2 Qd5+ 28. Kg1 Qxb3 29. Nxf7 Rd7 30. Ng5 Nxc3 31. Qe3 Rd1 32. Nxe6 Qb1 33. Rxd1 Qxd1+ 34. Kg2 Qd5+ 35. Qf3 a5 36. Nf4 Qxf3+ 37. Kxf3 a4 38. Nd3 a3 39. Nc1 c4 40. h4 Kd7 41. Ke3 b5 42. g4 b4 43. Kd2 a2 44. Nxa2 Nxa2 45. h5 gxh5 46. gxh5 Nc3 47. f4 Nd5 48. f5 c3+ 49. Kc1 b3 50. h6 Nb4 51. h7 Nd3+ 52. Kd1 c2+ 53. Ke2 c1Q 54. e6+ Kc7 55. h8Q b2 56. Qg7+ Kb6 57. Qd4+ Kb5 58. Qxd3+ Qc4 59. Qxc4+ Kxc4 60. e7 b1Q 1/2-1/2

[Event "Prague op"]
[Site "Prague"]
[Date "2019.03.10"]
[Round "2"]
[White "Michel, Ladislav"]
[Black "Meszaros, Ludek"]
[Result "0-1"]
[WhiteElo "1769"]
[BlackElo "2111"]
[PlyCount "66"]
[EventDate "2019.03.09"]
[EventType "swiss"]
[EventRounds "9"]
[EventCountry "CZE"]
[SourceTitle "CBM 189 Extra"]
[Source "ChessBase"]
[SourceDate "2019.05.31"]
[SourceVersion "1"]
[SourceVersionDate "2019.05.31"]
[SourceQuality "1"]

1. d4 Nf6 2. Bf4 g6 3. Nf3 Bg7 4. h3 0-0 5. e3 d6 6. c3 Nc6 7. Be2 Qe8 8. d5 e5 9. dxc6 exf4 10. exf4 bxc6 11. 0-0 Qe4 12. Nd4 Qxf4 13. Nxc6 Bb7 14. Na5 Bxg2 15. Kxg2 Qg5+ 16. Kh2 Qxa5 17. Nd2 Qe5+ 18. Kh1 Rfe8 19. Bf3 Rab8 20. Nb3 Qf5 21. Kh2 Re5 22. Bg2 Nh5 23. Qg4 Qf6 24. Nd4 Rg5 25. Qd7 Qf4+ 26. Kh1 Bxd4 27. cxd4 Rxb2 28. Qxc7 Rxg2 29. Qc8+ Kg7 30. Kxg2 Qg3+ 31. Kh1 Qf3+ 32. Kg1 Ng3 33. Qg4 Qh1# 0-1

[Event "Prague op"]
[Site "Prague"]
[Date "2019.03.09"]
[Round "1"]
[White "Meszaros, Ludek"]
[Black "Gasanov, Eldar"]
[Result "0-1"]
[WhiteElo "2111"]
[BlackElo "2500"]
[PlyCount "66"]
[EventDate "2019.03.09"]
[EventType "swiss"]
[EventRounds "9"]
[EventCountry "CZE"]
[SourceTitle "CBM 189 Extra"]
[Source "ChessBase"]
[SourceDate "2019.05.31"]
[SourceVersion "1"]
[SourceVersionDate "2019.05.31"]
[SourceQuality "1"]

1. e4 c5 2. Nf3 Nc6 3. Bb5 Nf6 4. Nc3 Qc7 5. 0-0 Nd4 6. Re1 a6 7. Bf1 Ng4 8. g3 Nxf3+ 9. Qxf3 Ne5 10. Qe2 e6 11. d3 Be7 12. f4 Nc6 13. Be3 0-0 14. Bg2 d6 15. Rf1 b5 16. Qf2 b4 17. Ne2 Bd7 18. c3 bxc3 19. bxc3 Rab8 20. d4 Rb2 21. d5 Na5 22. Bc1 Rc2 23. Qe1 Bb5 24. Rf2 exd5 25. exd5 Bd3 26. Qd1 c4 27. Nd4 Rxf2 28. Kxf2 Bf6 29. Be3 Nb7 30. Qa4 Nc5 31. Qc6 Qb8 32. Nb5 Qxb5 33. Qxb5 axb5 0-1

[Event "Brno op 8th"]
[Site "Brno"]
[Date "2018.11.13"]
[Round "4"]
[White "Meszaros, Ludek"]
[Black "Jires, Jiri"]
[Result "1-0"]
[WhiteElo "2101"]
[BlackElo "2059"]
[PlyCount "179"]
[EventDate "2018.11.10"]
[EventType "swiss"]
[EventRounds "9"]
[EventCountry "CZE"]
[SourceTitle "CBM 187 Extra"]
[Source "ChessBase"]
[SourceDate "2018.11.04"]
[SourceVersion "1"]
[SourceVersionDate "2018.11.04"]
[SourceQuality "1"]

1. e4 e5 2. Nf3 Nc6 3. Bb5 a6 4. Ba4 Nf6 5. 0-0 Be7 6. Re1 d6 7. c3 b5 8. Bc2 Bg4 9. d3 0-0 10. Nbd2 d5 11. h3 Bh5 12. Qe2 d4 13. g4 Bg6 14. cxd4 exd4 15. Nh4 Nd7 16. Nf5 Nb4 17. Bb3 Nc5 18. Rd1 Nbxd3 19. Nf3 Nxc1 20. Raxc1 Nxb3 21. axb3 c5 22. b4 Bxf5 23. gxf5 Rc8 24. e5 Re8 25. Qe4 Qb6 26. Qg4 Qh6 27. f6 Bf8 28. bxc5 Rxc5 29. Rxc5 Bxc5 30. Qd7 Rf8 31. Qd5 Qg6+ 32. Kh2 Qf5 33. fxg7 Rc8 34. Rg1 d3 35. Rg5 Qe6 36. Qxd3 Bxf2 37. Rg2 Bb6 38. Qe4 h6 39. Qf4 Re8 40. Rc2 Ba7 41. Re2 Bb8 42. Kg2 Kxg7 43. Re4 Qg6+ 44. Kf1 Kh8 45. Nh4 Qh5 46. Qf6+ Kh7 47. Rg4 Bxe5 48. Qf3 Bxb2 49. Rg7+ Bxg7 50. Qxh5 Re6 51. Kg2 Rf6 52. Qd5 Bf8 53. Qe4+ Kg8 54. Nf5 b4 55. Qe5 Re6 56. Qb8 Rf6 57. Ne3 Rg6+ 58. Kf3 Rf6+ 59. Ke2 Kg7 60. Qe5 Kg6 61. Kd3 Re6 62. Qg3+ Kh7 63. Nd5 Rg6 64. Qf4 Kg7 65. Qd4+ Kg8 66. Nf6+ Kg7 67. Ng4+ Kg8 68. Nf6+ Kg7 69. Ne4+ Kg8 70. Kc4 Rc6+ 71. Kb3 Rg6 72. h4 Re6 73. h5 Be7 74. Qd5 Kf8 75. Qf5 Kg8 76. Ka4 Kf8 77. Qh7 Ke8 78. Qh8+ Kd7 79. Ng3 Rf6 80. Qa8 Rc6 81. Qb7+ Rc7 82. Qxa6 Rc3 83. Qb7+ Rc7 84. Qd5+ Ke8 85. Nf5 Ra7+ 86. Kb5 Rc7 87. Kb6 Rd7 88. Qe5 f6 89. Qe6 Kf8 90. Qxd7 1-0

[Event "Brno op 8th"]
[Site "Brno"]
[Date "2018.11.11"]
[Round "2"]
[White "Meszaros, Ludek"]
[Black "Marsa, Alexandr"]
[Result "1-0"]
[WhiteElo "2101"]
[BlackElo "1906"]
[PlyCount "103"]
[EventDate "2018.11.10"]
[EventType "swiss"]
[EventRounds "9"]
[EventCountry "CZE"]
[SourceTitle "CBM 187 Extra"]
[Source "ChessBase"]
[SourceDate "2018.11.04"]
[SourceVersion "1"]
[SourceVersionDate "2018.11.04"]
[SourceQuality "1"]

1. e4 e6 2. d3 b5 3. f4 c5 4. Nf3 Bb7 5. g3 Nf6 6. Bg2 Qb6 7. Qe2 d6 8. Be3 Nc6 9. c3 Be7 10. Nbd2 a5 11. h3 b4 12. 0-0 bxc3 13. bxc3 Ba6 14. Rab1 Qc7 15. c4 0-0 16. g4 Rab8 17. f5 exf5 18. g5 Nh5 19. exf5 Ng3 20. Qf2 Nxf1 21. Rxf1 Nd4 22. Nh4 d5 23. Bxd5 Bd6 24. Ne4 Bb7 25. Bxb7 Rxb7 26. Bxd4 cxd4 27. Qf3 Rfb8 28. g6 Rb1 29. gxf7+ Kf8 30. Ng5 Qb7 31. Qxb7 R8xb7 32. Ne6+ Kxf7 33. Nd8+ Kf6 34. Nxb7 Rxb7 35. Kg2 Rb2+ 36. Kf3 Rxa2 37. Ke4 Rh2 38. Kxd4 Rxh3 39. Nf3 Rg3 40. Kd5 Bb4 41. c5 Bxc5 42. Kxc5 Kxf5 43. d4 a4 44. d5 a3 45. Nd4+ Ke4 46. Re1+ Kd3 47. Ra1 Ke4 48. Nb5 Rd3 49. Kc6 h5 50. d6 h4 51. d7 h3 52. Nd6+ 1-0

[Event "CZE-chT2C 1718"]
[Site "Czech Republic"]
[Date "2018.03.18"]
[Round "10.5"]
[White "Hejda, Antonin"]
[Black "Meszaros, Ludek"]
[Result "0-1"]
[WhiteElo "2104"]
[BlackElo "2114"]
[PlyCount "64"]
[EventDate "2017.10.15"]
[EventType "team-tourn"]
[EventRounds "11"]
[EventCountry "CZE"]
[SourceTitle "EXT 2022"]
[Source "ChessBase"]
[SourceDate "2021.10.06"]
[SourceVersion "1"]
[SourceVersionDate "2021.10.06"]
[SourceQuality "1"]
[WhiteTeam "Praha Eurovia"]
[BlackTeam "Tabor"]
[WhiteTeamCountry "CZE"]
[BlackTeamCountry "CZE"]

1. c4 g6 2. g3 Bg7 3. Bg2 d6 4. Nc3 e5 5. d3 Nc6 6. Nf3 h6 7. a3 Be6 8. Bd2 Qd7 9. Qb3 Nge7 10. Nd5 Rb8 11. Rc1 Nf5 12. e3 0-0 13. 0-0 Kh7 14. Bc3 Nd8 15. d4 f6 16. dxe5 fxe5 17. Nd2 c6 18. Nb4 b5 19. Qa2 bxc4 20. Nxc4 Qf7 21. b3 c5 22. Nd3 Bd5 23. Bxd5 Qxd5 24. Rfd1 Qe6 25. b4 cxb4 26. Nxb4 Nf7 27. Qe2 Rfc8 28. Na5 Ne7 29. Qd3 e4 30. Qd2 Ng5 31. Qxd6 Qh3 32. Qxe7 Nf3+ 0-1

[Event "CZE-chT2C 1718"]
[Site "Czech Republic"]
[Date "2018.02.25"]
[Round "9.7"]
[White "Meszaros, Ludek"]
[Black "Gernert, Otakar"]
[Result "1-0"]
[WhiteElo "2114"]
[BlackElo "2050"]
[PlyCount "105"]
[EventDate "2017.10.15"]
[EventType "team-tourn"]
[EventRounds "11"]
[EventCountry "CZE"]
[SourceTitle "EXT 2022"]
[Source "ChessBase"]
[SourceDate "2021.10.06"]
[SourceVersion "1"]
[SourceVersionDate "2021.10.06"]
[SourceQuality "1"]
[WhiteTeam "Tabor"]
[BlackTeam "Kolin"]
[WhiteTeamCountry "CZE"]
[BlackTeamCountry "CZE"]

1. e4 c5 2. Nf3 d6 3. d4 cxd4 4. Nxd4 Nf6 5. Nc3 a6 6. Nb3 Qc7 7. Bg5 e6 8. Bxf6 gxf6 9. Qh5 Nd7 10. f4 Qb6 11. Be2 Nc5 12. f5 Nxb3 13. axb3 Rg8 14. g4 Bd7 15. Qxh7 Rg7 16. Qh4 Rg5 17. Qf2 Qxf2+ 18. Kxf2 Rc8 19. h4 Rg8 20. Rad1 b5 21. b4 d5 22. fxe6 fxe6 23. exd5 Bxb4 24. Ne4 Ke7 25. c3 exd5 26. Rxd5 Bc6 27. Rhd1 Ba5 28. Nd6 Bb6+ 29. Kf1 Rc7 30. Nf5+ Ke6 31. Bf3 Rgc8 32. Re1+ Kf7 33. Nd6+ Kg7 34. Nxc8 Bxd5 35. Bxd5 Rxc8 36. Re7+ Kh8 37. Re6 Rc5 38. Bb3 Bc7 39. Rxf6 a5 40. Kg2 a4 41. Be6 a3 42. bxa3 Rxc3 43. h5 Bd6 44. Bf5 Bxa3 45. h6 Rc7 46. Rb6 Bf8 47. Rb8 Rf7 48. Kf3 b4 49. Ke4 b3 50. g5 Re7+ 51. Kf4 Kg8 52. h7+ Kg7 53. Rxf8 1-0

[Event "CZE-chT2C 1718"]
[Site "Czech Republic"]
[Date "2017.12.03"]
[Round "4.6"]
[White "Meszaros, Ludek"]
[Black "Jurek, Miroslav"]
[Result "1-0"]
[WhiteElo "2114"]
[BlackElo "2076"]
[PlyCount "65"]
[EventDate "2017.10.15"]
[EventType "team-tourn"]
[EventRounds "11"]
[EventCountry "CZE"]
[SourceTitle "EXT 2022"]
[Source "ChessBase"]
[SourceDate "2021.10.06"]
[SourceVersion "1"]
[SourceVersionDate "2021.10.06"]
[SourceQuality "1"]
[WhiteTeam "Tabor"]
[BlackTeam "Jihlava Gambit"]
[WhiteTeamCountry "CZE"]
[BlackTeamCountry "CZE"]

1. d4 Nf6 2. c4 g6 3. Nc3 Bg7 4. e4 d6 5. Bg5 0-0 6. f4 c5 7. d5 Qa5 8. Qd2 Re8 9. Nf3 a6 10. a4 e6 11. dxe6 Bxe6 12. Bd3 Nc6 13. 0-0 Nb4 14. f5 Bd7 15. Rae1 Bc6 16. e5 dxe5 17. fxg6 fxg6 18. Nxe5 Rf8 19. Bb1 Qc7 20. Nxc6 Qxc6 21. Nd5 Nfxd5 22. cxd5 Rxf1+ 23. Rxf1 Qd7 24. Be4 Re8 25. Bf3 Bd4+ 26. Kh1 Nxd5 27. a5 Nb4 28. Bh6 Qb5 29. Be2 Qxa5 30. Qf4 Qd8 31. Bc4+ Kh8 32. Bg5 Qd7 33. Qf8+ 1-0

[Event "CZE-chT2C 1718"]
[Site "Czech Republic"]
[Date "2017.11.19"]
[Round "3.4"]
[White "Muron, Miroslav"]
[Black "Meszaros, Ludek"]
[Result "1-0"]
[WhiteElo "2137"]
[BlackElo "2114"]
[PlyCount "61"]
[EventDate "2017.10.15"]
[EventType "team-tourn"]
[EventRounds "11"]
[EventCountry "CZE"]
[SourceTitle "EXT 2022"]
[Source "ChessBase"]
[SourceDate "2021.10.06"]
[SourceVersion "1"]
[SourceVersionDate "2021.10.06"]
[SourceQuality "1"]
[WhiteTeam "Praha Dukla"]
[BlackTeam "Tabor"]
[WhiteTeamCountry "CZE"]
[BlackTeamCountry "CZE"]

1. e4 e5 2. Nf3 Nc6 3. d4 exd4 4. Nxd4 Bb4+ 5. c3 Be7 6. Be2 Nf6 7. Nxc6 bxc6 8. e5 Nd5 9. c4 Nb6 10. Nc3 0-0 11. 0-0 f6 12. exf6 Bxf6 13. c5 Bxc3 14. bxc3 Nd5 15. Bf3 Nf6 16. Qd4 h6 17. Bf4 Ba6 18. Rfe1 Kh8 19. Re3 Rf7 20. Rae1 Rc8 21. Be5 Nh7 22. Bh5 Rf6 23. Bxf6 Nxf6 24. Bg6 Qf8 25. Re7 d5 26. Rf7 Qg8 27. Ree7 Re8 28. Qe5 Bd3 29. Rxg7 Qf8 30. Rh7+ Kg8 31. Qe6+ 1-0

[Event "CZE-chT2C 1617"]
[Site "Czech Republic"]
[Date "2016.11.27"]
[Round "4.2"]
[White "Meszaros, Ludek"]
[Black "Priehoda, Vitezslav"]
[Result "1/2-1/2"]
[WhiteElo "2096"]
[BlackElo "2362"]
[PlyCount "75"]
[EventDate "2016.10.09"]
[EventType "team-tourn"]
[EventRounds "11"]
[EventCountry "CZE"]
[SourceTitle "EXT 2022"]
[Source "ChessBase"]
[SourceDate "2021.10.06"]
[SourceVersion "1"]
[SourceVersionDate "2021.10.06"]
[SourceQuality "1"]
[WhiteTeam "Tabor"]
[BlackTeam "Lysa nad Labem III"]
[WhiteTeamCountry "CZE"]
[BlackTeamCountry "CZE"]

1. e4 c5 2. Nf3 e6 3. d3 Nc6 4. g3 Nf6 5. Bg2 d5 6. Nbd2 Be7 7. 0-0 0-0 8. e5 Ne8 9. Re1 a5 10. Nf1 b6 11. h4 Ra7 12. N1h2 f5 13. exf6 Bxf6 14. Ng4 Re7 15. Nxf6+ Nxf6 16. Bg5 e5 17. c3 h6 18. Bxf6 Rxf6 19. Nh2 Ref7 20. Ng4 Bxg4 21. Qxg4 Qd6 22. Re2 b5 23. a4 c4 24. dxc4 bxc4 25. Rd1 Ne7 26. h5 Qc5 27. Rxe5 Qxf2+ 28. Kh2 Qxb2 29. Re2 Qb8 30. Rxd5 Nxd5 31. Bxd5 Kh8 32. Bxf7 Rxf7 33. Qxc4 Rf5 34. Qg4 Re5 35. Rf2 Qe8 36. Rf5 Rxf5 37. Qxf5 Qxa4 38. Qf8+ 1/2-1/2